| 000 | 00558nam a2200205Ia 4500 | ||
|---|---|---|---|
| 005 | 20250923144852.0 | ||
| 008 | 008 250917s9999 xx 000 0 eng d | ||
| 037 | _aTextual | ||
| 040 |
_aDSWL _beng _cDSWL |
||
| 041 |
_aeng _2eng |
||
| 084 |
_aW:28u2.N6, K4 _qDSWL |
||
| 245 | 0 |
_aAspects of administration _cEd. by A. Avasthi |
|
| 260 |
_aNew Delhi _bAllied Publishers _c1964 |
||
| 300 | _ax,450p. | ||
| 365 |
_aINR _b24 |
||
| 700 |
_aS.N.Varma _9829257 |
||
| 925 | _g24 | ||
| 942 |
_cTEXL _hW:28u2.N6, K4 |
||
| 999 |
_c1444381 _d1444381 |
||